000 003070000a22001330004500
041 0 _aSPA
082 0 4 _aG 863 K9694d
100 1 _aKurtz, Carmen
245 1 0 _aDuermen bajo las aguas / Carmen Kurtz
260 _aBarcelona, España : Círculo de Lectores
300 _a299 Pag
001 11096
942 _cBK
999 _c40467
_d40467